Tokyo-Jhayco - Estadísticas

Estadísticas generales
  • Esta prueba ha sido intentada 156 veces
  • La puntuación promedio es 252 de 293
Estadísticas de respuestas
Respuesta % Correcto
a
99%
el
99%
no
99%
si
99%
tu
99%
y
99%
cora
97%
en
97%
me
97%
mi
97%
te
97%
yo
97%
de
96%
con
94%
corazon
93%
la
93%
que
93%
roto
93%
foto
92%
ti
92%
dime
91%
enamoras
91%
por
91%
se
91%
ahi
89%
como
89%
esta
88%
pienso
88%
miro
87%
siempre
87%
sola
87%
B
85%
hora
85%
LO
85%
lo
85%
quiero
85%
voy
85%
joda
84%
pa
84%
ya
83%
hacerte
82%
importa
81%
señora
81%
solo
81%
SOLO
81%
veo
80%
amorfoda
79%
baby
79%
estar
79%
estas
79%
moda
79%
otro
79%
vi
79%
paso
78%
pensando
78%
soltera
78%
un
78%
eres
76%
le
76%
agoto
75%
dicen
75%
verdad
75%
salir
74%
celular
73%
mente
73%
quieres
73%
remix
73%
Cardi
72%
hizo
71%
malo
70%
pero
70%
porque
70%
pregunte
70%
Triste
70%
chiste
69%
haga
69%
hay
69%
al
67%
sales
67%
amar
66%
coja
66%
desde
65%
hundir
65%
enrole
63%
nos
63%
reproducir
63%
carajo
62%
hiciste
62%
prendiste
62%
toda
62%
sentir
61%
podemos
60%
aunque
58%
bizcocho
57%
boda
57%
buscar
57%
ese
57%
QUIEREN
57%
llegue
56%
quererte
56%
cabrones
55%
DECIR
55%
saco
52%
dejo
49%
canto
47%
estos
47%
ser
24%
podertela
21%
No se encontraron pruebas coincidentes
Distribución de puntuación
Porcentaje de gente con cada puntuación
Porcentaje por número respondido
Historial de tus puntuaciones
No has intentado esta prueba.